| 000 | 00678nam a2200205 a 4500 | ||
|---|---|---|---|
| 003 | PILC | ||
| 005 | 20160224143917.0 | ||
| 008 | 060901s19uu xx 00 eng d | ||
| 020 | _a0750663774 | ||
| 050 |
_aG 155.A1 _b.T58954 2006 |
||
| 245 |
_aTourism business frontiers : _bconsumers, products and industry / _cedited by Dimitrios Buhalis and Carlos Costa. |
||
| 260 |
_aAmsterdam : _bElseviere Butterworth Heinemann, _c2006. |
||
| 300 |
_a273 pages : _billustrations ; _c24 cm. |
||
| 500 | _aIncludes bibliographical references and index. | ||
| 650 | _aTourism. | ||
| 650 |
_aTourism _xForecasting. |
||
| 700 | _aCosta, Carlos. | ||
| 942 |
_cBK _2lcc _kFOR |
||
| 999 |
_c21624 _d21624 |
||